[Event "1/32 Finale"]
[Site "www.chess-mail.com"]
[Date "2019.12.26"]
[Round "1"]
[White "George1955"]
[Black "Vega"]
[WhiteElo "2610"]
[BlackElo "2549"]
[Result "1-0"]
[Round "1"]
1.e4 e5
2.Ng1f3 Nb8c6
3.Bf1b5 a6
4.Bb5a4 Ng8f6
5.O-O Bf8e7
6.Rf1e1 b5
7.Ba4b3 d6
8.c3 O-O
9.h3 Nc6a5
10.Bb3c2 c5
11.d4 cxd4
12.cxd4 Rf8e8
13.Nb1c3 exd4
14.Nf3xd4 Bc8b7
15.Nd4f5 Ra8c8
16.Bc1g5 Na5c4
17.Qd1d4 h6
18.Bg5h4 Nc4xb2
19.Bc2b3 Nb2c4
20.a4 Nf6h5
21.Bh4xe7 Re8xe7
22.axb5 axb5
23.Nc3xb5 Nc4e5
24.Nb5xd6 Rc8c7
25.Nf5xe7 Qd8xe7
26.Nd6f5 Qe7c5
27.Ra1a7 Qc5xd4
28.Nf5xd4 Nh5f6
29.Bb3d5 Ne5d3
30.Re1d1 Nd3c5
31.Rd1c1 Bb7xd5
32.Ra7xc7 Nc5xe4
33.f3 Ne4g3
34.Rc1c5 Ng3h5
35.Rc7c8 Kh7
36.Rc8d8 Nh5f4
37.g3 Nf4xh3
38.Kg2 Nh3g5
39.Rc5xd5 Nf6xd5
40.Rd8xd5 Kg6
41.f4 Ng5e4
42.Nd4c6 f6
43.g4 Kf7
44.Kf3 Ne4c3
45.Rd5d7 Kf8
46.f5 Nc3b5
47.Rd7d8 Kf7
48.Rd8d5 Nb5c3
49.Rd5d7 { resign }
1-0

[Event "1/32 Finale"]
[Site "www.chess-mail.com"]
[Date "2019.12.26"]
[Round "1"]
[White "Orhany24"]
[Black "Stepanpech"]
[WhiteElo "2240"]
[BlackElo "2720"]
[Result "0-1"]
[Round "1"]
1.e4 c5
2.Ng1f3 Nb8c6
3.d4 cxd4
4.Nf3xd4 Ng8f6
5.Nd4xc6 bxc6
6.Bf1d3 g6
7.c4 Bf8g7
8.Nb1c3 O-O
9.O-O d5
10.cxd5 cxd5
11.exd5 Nf6xd5
12.Nc3xd5 Qd8xd5
13.Qd1e2 Bc8e6
14.Bd3e4 Qd5e5
15.Ra1b1 Be6xa2
16.Rb1a1 Ba2d5
17.Be4d3 Qe5xe2
18.Bd3xe2 a5
19.Ra1a4 Rf8b8
20.h3 e6
{ resign }
0-1

[Event "1/64 Finale"]
[Site "www.chess-mail.com"]
[Date "2019.12.26"]
[Round "1"]
[White "Coolant"]
[Black "Ffdd65"]
[WhiteElo "2350"]
[BlackElo "2310"]
[Result "1-0"]
[Round "1"]
1.Nb1c3 e5
2.e4 Ng8f6
3.f4 d6
4.Ng1f3 Nb8c6
5.Bf1b5 Bc8d7
6.d3 Qd8e7
7.O-O a6
8.Bb5xc6 Bd7xc6
9.Qd1e2 O-O-O
10.fxe5 dxe5
11.Bc1g5 h6
12.Bg5xf6 gxf6
13.Nf3h4 Qe7e6
14.Qe2f3 Rd8d6
15.Nh4f5 Rd6d8
16.Qf3h5 Rh8h7
17.Rf1f3 Bf8c5
18.Kh1 Rd8g8
19.Nc3e2 Rg8g5
20.Qh5h3 Bc6d7
21.Rf3g3 Bc5f2
22.Rg3xg5 fxg5
23.b3 Qe6f6
24.Ra1f1 Bf2c5
25.Ne2g3 Bc5f8
26.Qh3h5 Qf6g6
27.Qh5xg6 fxg6
28.Nf5h4 Bf8d6
29.Nh4xg6 Bd7e6
30.Ng6f8 Bd6xf8
31.Rf1xf8 Kd7
32.Kg1 Be6f7
33.Kf2 Bf7g6
34.Ke3 h5
35.c3 h4
36.Ng3f5 Rh7f7
37.Rf8xf7 Bg6xf7
38.d4 Ke6
39.d5 Kf6
40.d6 cxd6
41.Nf5xd6 b6
42.Nd6xf7 g4
43.Nf7xe5 Kxe5
44.g3 h3
45.a4 { resign }
1-0

[Event "Match"]
[Site "www.echecsemail.com"]
[Date "2019.12.27"]
[Round "1"]
[White "Llord"]
[Black "Krokolis"]
[WhiteElo "1930"]
[BlackElo "1599"]
[Result "0-1"]
[Round "1"]
1.e4 e6
2.d4 a6
3.Ng1f3 b5
4.Nb1c3 Bf8b4
5.Bc1d2 Bc8b7
6.Bf1d3 Ng8f6
7.e5 Nf6d5
8.a3 Bb4e7
9.Nc3xd5 exd5
10.O-O O-O
11.Qd1c1 f6
12.exf6 Rf8xf6
13.Nf3e5 d6
14.Ne5g4 Rf6f7
15.Bd2e3 Bb7c8
16.Qc1d1 Be7g5
17.Be3xg5 Qd8xg5
18.h3 Bc8f5
19.Rf1e1 Nb8c6
20.c3 h5
21.Bd3xf5 Qg5xf5
22.Ng4e3 Qf5xf2
23.Kh1 g6
24.Ra1c1 Qf2xb2
25.Qd1d3 Nc6e7
26.Rc1c2 Qb2b3
27.Rc2e2 Ra8f8
28.Ne3xd5 Ne7f5
29.g4 Qb3xd5
30.Kh2 hxg4
31.hxg4 Rf7h7
32.Kg1 Qd5h1
33.Kf2 Rh7h2

0-1

[Event "Tourn. n10258"]
[Site "www.echecsemail.com"]
[Date "2019.12.27"]
[Round "1"]
[White "Galiany17"]
[Black "Coolant"]
[WhiteElo "2570"]
[BlackElo "2330"]
[Result "1-0"]
[Round "1"]
1.d4 f5
2.g3 Ng8f6
3.Bf1g2 d5
4.c4 e6
5.Ng1f3 c6
6.O-O Bf8d6
7.b3 Nb8d7
8.Bc1a3 Qd8e7
9.Ba3xd6 Qe7xd6
10.Nb1c3 O-O
11.e3 Nf6e4
12.Nc3e2 b6
13.h4 Bc8a6
14.Ra1c1 Ra8c8
15.Ne2f4 g6
16.Qd1c2 Kg7
17.Rf1d1 h6
18.h5 g5
19.Nf4g6 Rf8d8
20.Bg2f1 Ba6b7
21.c5 bxc5
22.dxc5 Nd7xc5
23.Qc2b2 Kh7
24.Nf3e5 Rc8c7
25.b4 Nc5a4
26.Qb2a3 Na4b6
27.Qa3xa7 c5
28.bxc5 Ne4xc5
29.Qa7a5 Rd8a8
30.Qa5b4 Ra8xa2
31.Rc1b1 Nb6d7
32.Ne5f7 Qd6a6
33.Bf1xa6 { resign }
1-0

[Event "Match"]
[Site "www.echecsemail.com"]
[Date "2019.12.27"]
[Round "1"]
[White "Sorim"]
[Black "Fereike"]
[WhiteElo "2310"]
[BlackElo "1720"]
[Result "1-0"]
[Round "1"]
1.d4 d5
2.Ng1f3 Ng8f6
3.Bc1g5 Nf6e4
4.Bg5h4 Bc8g4
5.Nf3e5 Bg4h5
6.f3 Ne4d6
7.g4 Bh5g6
8.Nb1c3 c6
9.Ne5xg6 hxg6
10.Bh4g3 e6
11.h4 Qd8b6
12.Nc3a4 Qb6a5
13.c3 Nb8d7
14.b4 Qa5d8
15.Na4c5 b6
16.Nc5d3 Nd6c4
17.e4 Bf8e7
18.Bf1g2 Nc4e3
19.Qd1e2 Ne3xg2
20.Qe2xg2 Nd7f6
21.exd5 Nf6xd5
22.Qg2d2 Be7xh4
23.O-O-O g5
24.Nd3e5 c5
25.dxc5 bxc5
26.c4 Nd5xb4
27.Qd2xd8 Ra8xd8
28.Rd1xd8 { resign }
1-0

[Event "Tourn. n10254"]
[Site "www.echecsemail.com"]
[Date "2019.12.27"]
[Round "1"]
[White "Picifarkinca"]
[Black "Aders1"]
[WhiteElo "1870"]
[BlackElo "2059"]
[Result "0-1"]
[Round "1"]
1.e4 g6
2.c4 Bf8g7
3.d4 d6
4.Nb1c3 Ng8f6
5.f3 O-O
6.Bc1e3 b6
7.Qd1d2 c5
8.Ng1e2 Nb8c6
9.d5 Nc6e5
10.b3 e6
11.Ra1d1 exd5
12.Nc3xd5 Nf6xd5
13.Qd2xd5 Bc8e6
14.Qd5xd6 Qd8f6
15.Qd6d2 Rf8d8
16.Qd2c2 Rd8xd1
17.Qc2xd1 Ra8d8
{ resign }
0-1

[Event "Tourn. n10243"]
[Site "www.echecsemail.com"]
[Date "2019.12.27"]
[Round "1"]
[White "Fegatux"]
[Black "Tartan"]
[WhiteElo "2230"]
[BlackElo "2480"]
[Result "0-1"]
[Round "1"]
1.e4 c5
2.Ng1f3 Nb8c6
3.Bf1b5 e6
4.O-O Ng8e7
5.Rf1e1 a6
6.Bb5xc6 Ne7xc6
7.c3 Bf8e7
8.d4 d5
9.e5 cxd4
10.cxd4 O-O
11.Nb1c3 Bc8d7
12.a3 Qd8b6
13.b4 Rf8c8
14.Bc1b2 Nc6a5
15.Nc3a4 Bd7xa4
16.Qd1d3 Ba4c2
17.bxa5 Qb6xb2
18.Qd3e2 Be7xa3
19.Qe2e3 Ba3b4
20.Re1c1 Bb4c3
21.h3 Qb2b3
22.Nf3d2 Qb3b4
23.Rc1xc2 Bc3xa1
24.Rc2xc8 Ra8xc8
{ resign }
0-1

[Event "Match"]
[Site "www.echecsemail.com"]
[Date "2019.12.28"]
[Round "1"]
[White "Apdash"]
[Black "Liencam2"]
[WhiteElo "2150"]
[BlackElo "2220"]
[Result "0-1"]
[Round "1"]
1.d4 Ng8f6
2.c4 c5
3.d5 b5
4.cxb5 a6
5.e3 g6
6.Nb1c3 Bf8g7
7.bxa6 O-O
8.Nc3a4 d6
9.Ng1f3 Nb8xa6
10.Bf1c4 Bc8d7
11.Na4c3 Qd8b6
12.O-O Na6c7
13.e4 Qb6b4
14.Qd1e2 Bd7g4
15.Bc4d3 Nf6d7
16.Nc3d1 Nd7e5
17.a3 Qb4b7
18.Bc1g5 Nc7a6
19.Bd3xa6 Ra8xa6
20.Qe2e3 Ne5xf3
21.gxf3 Bg4h3
22.Rf1e1 Ra6b6
23.Ra1b1 Rb6b3
24.Qe3e2 e6
25.Nd1c3 Bg7xc3
26.dxe6 Bc3xe1
27.Rb1xe1 Bh3xe6
28.Kg2 Qb7b5
29.Qe2d2 c4
30.Bg5f6 Qb5h5
31.Re1e3 Qh5h6
32.h4 Qh6h5
33.Re3xb3 cxb3
34.Qd2xd6 Rf8c8
35.a4 Be6h3
36.Kg3 Bh3e6
37.Qd6d2 h6
38.Bf6c3 g5
39.Qd2d4 Qh5xh4
40.Kg2 Qh4h3
41.Kg1 Rc8xc3
42.Qd4xc3 g4
43.Qc3e5 gxf3
44.Qe5g3 Qh3xg3
45.fxg3 Be6c4
46.Kf2 Bc4e2
47.a5 Kf8
48.a6 Be2xa6
49.Kxf3 Kg7
50.Ke3 Kf6
51.Kd4 Ba6c8
52.e5 Kg5
53.Kc3 Bc8e6
54.Kd4 Kg4
55.Ke3 Kxg3
56.Ke2 Kf4
57.Kf2 h5
58.Kg2 Kxe5
59.Kg3 Ke4
60.Kh4 Kd3
61.Kxh5 Kc2
62.Kg5 Kxb2
63.Kf6 Kc3
64.Ke7 b2
{ resign }
0-1

[Event "Tourn. n10254"]
[Site "www.echecsemail.com"]
[Date "2019.12.28"]
[Round "1"]
[White "Vasylpuzanov"]
[Black "Esperanza"]
[WhiteElo "1830"]
[BlackElo "2050"]
[Result "0-1"]
[Round "1"]
1.d4 Ng8f6
2.c4 c5
3.d5 b5
4.cxb5 a6
5.bxa6 Bc8xa6
6.Nb1c3 g6
7.e4 Ba6xf1
8.Kxf1 d6
9.g3 Bf8g7
 { time }
0-1

[Event "Tourn. n10273"]
[Site "www.echecsemail.com"]
[Date "2019.12.28"]
[Round "1"]
[White "Apdash"]
[Black "D4minance"]
[WhiteElo "2280"]
[BlackElo "2890"]
[Result "0-1"]
[Round "1"]
1.d4 Ng8f6
2.c4 g6
3.Nb1c3 Bf8g7
4.e4 d6
5.Bc1g5 h6
6.Bg5xf6 Bg7xf6
7.Qd1d2 e5
8.d5 Nb8d7
9.Ng1f3 Bf6g7
10.Bf1e2 a5
11.O-O O-O
12.Nc3a4 b6
13.Ra1b1 f5
14.Be2d3 f4
15.b4 axb4
16.Rb1xb4 g5
17.g4 h5
18.h3 hxg4
19.hxg4 Nd7f6
20.Nf3xg5 Nf6xg4
21.Ng5f3 Qd8e8
22.Kg2 Qe8h5
23.Rf1h1 Ng4e3
24.fxe3 Qh5g4
25.Kf2 Qg4g3
26.Ke2 Qg3g2
{ resign }
0-1

[Event "Tourn. n10273"]
[Site "www.echecsemail.com"]
[Date "2019.12.28"]
[Round "1"]
[White "Aders1"]
[Black "Szustan"]
[WhiteElo "2249"]
[BlackElo "2660"]
[Result "0-1"]
[Round "1"]
1.Ng1f3 Nb8c6
2.g3 e5
3.d3 d5
4.Bf1g2 Ng8f6
5.O-O Bf8d6
6.Bc1g5 Bd6e7
7.Nb1d2 O-O
8.e4 dxe4
9.Bg5xf6 Be7xf6
10.Nd2xe4 Bf6e7
11.Ne4d2 f6
12.Nd2c4 Bc8e6
13.Nf3d2 Qd8d7
14.Rf1e1 Ra8d8
15.a4 Nc6b4
16.a5 b5
17.axb6 cxb6
18.Nc4e3 f5
19.Ne3c4 e4
20.Nc4e5 Qd7c7
21.Ne5c4 Be7c5
22.Nc4a3 Qc7e5
23.Nd2c4 Qe5f6
24.Qd1e2 f4
25.Qe2xe4 Be6d5
26.Qe4xf4 Bc5xf2
27.Kh1 Qf6xf4
28.gxf4 Bf2xe1
{ resign }
0-1

[Event "Match"]
[Site "www.echecsemail.com"]
[Date "2019.12.28"]
[Round "1"]
[White "Silverking"]
[Black "Liencam2"]
[WhiteElo "2170"]
[BlackElo "2220"]
[Result "1-0"]
[Round "1"]
1.c4 e5
2.Nb1c3 d6
3.g3 c6
4.Bf1g2 f5
5.d3 Ng8f6
6.e4 Bf8e7
7.Ng1f3 O-O
8.O-O Nb8a6
9.Bc1g5 Nf6e8
10.Bg5xe7 Qd8xe7
11.Qd1d2 f4
12.d4 Bc8g4
13.Ra1d1 fxg3
14.fxg3 exd4
15.Qd2xd4 Na6c7
16.Rd1d2 Nc7e6
17.Qd4e3 Ne8c7
18.e5 dxe5
19.Qe3xe5 Ra8e8
20.Nc3e4 Rf8f5
21.Qe5d6 Qe7f7
22.Qd6a3 Re8f8
23.Ne4d6 Qf7f6
24.Nd6xf5 Bg4xf5
25.Nf3h4 Qf6e5
26.Nh4xf5 Rf8xf5
27.Rf1xf5 Qe5xf5
28.Rd2f2 Qf5b1
29.Rf2f1 Qb1c2
30.Qa3xa7 g6
31.Qa7b8 Kg7
32.Qb8xb7 Qc2xc4
33.Qb7xc6 Qc4xa2
34.Qc6c3 Kh6
35.Qc3d2 Kg7
36.h4 Qa2b3
37.Qd2d7 Kh6
38.Rf1f7 g5
39.Rf7xh7 Kg6
40.Qd7f7 { resign }
1-0

[Event "Match"]
[Site "www.echecsemail.com"]
[Date "2019.12.28"]
[Round "1"]
[White "Szustan"]
[Black "Apdash"]
[WhiteElo "2640"]
[BlackElo "2280"]
[Result "1-0"]
[Round "1"]
1.d4 d5
2.Ng1f3 Ng8f6
3.e3 c5
4.c4 e6
5.a3 cxd4
6.exd4 Bf8e7
7.Nb1c3 a6
8.c5 a5
9.Nc3a4 Nb8d7
10.Bc1f4 Nf6h5
11.Bf4e3 O-O
12.Ra1c1 f5
13.Bf1b5 f4
14.Be3d2 Nd7f6
15.Na4b6 Bc8d7
16.Bb5xd7 Nf6xd7
17.Nb6xa8 Qd8xa8
18.Qd1e2 Rf8f6
19.Qe2b5 Qa8c8
20.c6 bxc6
21.Rc1xc6 Qc8a8
22.Rc6c7 Nd7f8
23.Rc7xe7 Rf6f7
24.Re7xf7 Kxf7
25.O-O a4
26.Nf3e5 Kg8
27.Rf1c1 { resign }
1-0

[Event "Tourn. n10264"]
[Site "www.echecsemail.com"]
[Date "2019.12.29"]
[Round "1"]
[White "Malbertan"]
[Black "Fantomas"]
[WhiteElo "2120"]
[BlackElo "2150"]
[Result "0-1"]
[Round "1"]
1.e4 e5
2.f4 exf4
3.Bf1c4 d6
4.Ng1f3 Bc8g4
5.O-O Ng8f6
6.Nb1c3 Nb8c6
7.d4 Qd8d7
8.Bc1xf4 a6
9.a3 h6
10.Qd1d2 Bg4h5
11.Ra1d1 O-O-O
12.b4 Nc6e7
13.Qd2e2 c6
14.a4 d5
15.Bc4xa6 bxa6
16.Qe2xa6 Qd7b7
17.Qa6d3 dxe4
18.Nc3xe4 Bh5g6
19.Nf3d2 Ne7d5
20.Qd3g3 Nf6xe4
21.Nd2xe4 Bg6xe4
22.b5 Nd5xf4
23.Qg3xf4 cxb5
24.axb5 f5
25.c4 g5
26.Qf4e5 Bf8d6
27.Qe5e6 Qb7d7
28.Qe6xd7 Rd8xd7
29.c5 Bd6f4
30.g3 Bf4e3
{ resign }
0-1

[Event "Tourn. n10242"]
[Site "www.echecsemail.com"]
[Date "2019.12.29"]
[Round "1"]
[White "Yakke"]
[Black "Zsigazsuga"]
[WhiteElo "1690"]
[BlackElo "1559"]
[Result "1-0"]
[Round "1"]
1.e4 c5
2.Ng1f3 Nb8c6
3.a3 g6
4.c3 Bf8g7
5.h3 d6
6.d4 cxd4
7.cxd4 Ng8f6
8.Nb1d2 O-O
9.d5 Nc6b8
10.Bf1c4 Nb8d7
11.O-O a6
12.b3 b5
13.Bc4e2 Nd7c5
14.Qd1c2  { time }
1-0

[Event "Tourn. n10239"]
[Site "www.echecsemail.com"]
[Date "2019.12.29"]
[Round "1"]
[White "Picifarkinca"]
[Black "Estonia"]
[WhiteElo "1710"]
[BlackElo "1890"]
[Result "0-1"]
[Round "1"]
1.e4 e5
2.Ng1f3 Nb8c6
3.Bf1c4 Ng8f6
4.d3 Bf8e7
5.Nb1c3 d6
6.h3 O-O
7.a3 Bc8e6
8.Nc3d5 Be6xd5
9.Bc4xd5 Nf6xd5
10.exd5 Nc6d4
11.Nf3xd4 exd4
12.Qd1g4 Rf8e8
13.O-O Be7f6
14.Bc1d2 c5
15.dxc6 bxc6
16.Rf1e1 Qd8b6
17.b3 g6
18.Qg4f4 Bf6e5
19.Qf4h6 Be5g7
20.Qh6f4 Re8e5
21.Re1xe5 dxe5
22.Qf4f3 Ra8e8
23.Ra1e1 a5
24.a4 c5
25.Qf3d5 Re8d8
26.Qd5c4 Qb6d6
27.Bd2xa5 Rd8a8
28.Ba5d2 Bg7f8
29.Kh1 Kg7
30.c3 Qd6f6
31.Kg1 Qf6d6
32.Kh1 f5
33.f3 f4
34.Re1a1 Bf8e7
35.Kg1 h5
36.cxd4 Qd6xd4
37.Qc4xd4 cxd4
38.Ra1c1 Ra8a7
39.Rc1c4 Kf6
40.Bd2e1 Kf5
41.Rc4c6 Ra7b7
42.a5 Rb7xb3
43.a6 Rb3a3
44.Rc6c7 Be7d8
45.Rc7d7 Bd8b6
46.Be1b4 Ra3xa6
47.Rd7f7 Ke6
48.Rf7e7 Kf6
49.Re7d7 Ra6a1
50.Kh2 Bb6a7
51.Bb4e7 Ke6
52.Rd7b7 Ra1a6
53.Be7b4 Ra6b6
54.Rb7e7 Kf6
55.Re7xa7 Rb6xb4
56.Ra7a6 Kf5
57.Ra6a1 Rb4b3
58.Ra1d1 Rb3b2
59.Kh1 g5
60.Kh2 g4
61.hxg4 hxg4
62.fxg4 Kxg4
63.Kh1 Kg3
64.Kg1 Rb2xg2
65.Kf1 f3
66.Rd1e1 Rg2f2
67.Kg1 Rf2e2
68.Re1d1 f2
69.Kf1 Re2e1
70.Rd1xe1 fxe1Q
71.Kxe1 Kf3
72.Kd2 Kf2
73.Kc1 Ke1
74.Kc2 Ke2
75.Kc1 Kxd3
{ resign }
0-1

[Event "Tourn. n10273"]
[Site "www.echecsemail.com"]
[Date "2019.12.29"]
[Round "1"]
[White "Apdash"]
[Black "Szustan"]
[WhiteElo "2280"]
[BlackElo "2660"]
[Result "0-1"]
[Round "1"]
1.d4 d5
2.Ng1f3 Nb8c6
3.c4 e6
4.Nb1c3 Ng8f6
5.Bc1g5 Bf8e7
6.cxd5 exd5
7.e3 O-O
8.Bf1b5 h6
9.Bg5xf6 Be7xf6
10.Qd1b3 Nc6e7
11.O-O c6
12.Bb5d3 Ra8b8
13.h3 Ne7f5
14.Ra1c1 Rf8e8
15.Qb3c2 Nf5d6
16.b3 g6
17.Rf1e1 Bf6g7
18.Rc1d1 Bc8e6
19.e4 dxe4
20.Nc3xe4 Be6d5
21.Qc2c5 Nd6xe4
{ resign }
0-1

[Event "Tourn. n10235"]
[Site "www.echecsemail.com"]
[Date "2019.12.29"]
[Round "1"]
[White "Iko"]
[Black "Fereike"]
[WhiteElo "1800"]
[BlackElo "1710"]
[Result "0-1"]
[Round "1"]
1.e4 c5
2.c4 Nb8c6
3.Nb1c3 e6
4.Bf1d3 g6
5.Ng1f3 Bf8g7
6.O-O Ng8e7
7.Rf1e1 d6
8.b3 a6
9.Bc1a3 Nc6b4
10.Ba3xb4 cxb4
11.Nc3a4 O-O
12.Re1e3 Bg7xa1
13.Qd1xa1 f6
14.Nf3d4 e5
15.Nd4f3 Bc8d7
16.Na4b6 Qd8xb6
17.a3 a5
18.a4 Ra8e8
19.h4 f5
20.exf5 Ne7xf5
21.Bd3xf5 Bd7xf5
22.Nf3h2 Bf5d7
23.Nh2f3 Bd7c6
24.Qa1b1 Bc6xf3
25.gxf3 Rf8f4
26.Qb1d3 Qb6d4
27.Qd3e2 Qd4a1
28.Kg2 Rf4xh4
29.Kg3 Qa1h1
30.Re3e4 Qh1h3

0-1

[Event "Tourn. n10241"]
[Site "www.echecsemail.com"]
[Date "2019.12.29"]
[Round "1"]
[White "Foxy100"]
[Black "Tartan"]
[WhiteElo "2450"]
[BlackElo "2480"]
[Result "1-0"]
[Round "1"]
1.e4 c5
2.Ng1f3 e6
3.d4 cxd4
4.Nf3xd4 Ng8f6
5.Nb1c3 d6
6.Bf1e2 a6
7.O-O Qd8c7
8.Bc1e3 Bf8e7
9.a4 O-O
10.a5 Nb8d7
11.Nd4b3 Nd7c5
12.Nb3xc5 dxc5
13.Qd1e1 Bc8d7
14.f3 Bd7c6
15.Qe1f2 Be7d6
16.g3 Qc7e7
17.Rf1d1 Rf8d8
18.Rd1d2 Nf6d7
19.f4 e5
20.Ra1d1 exf4
21.gxf4 Bd6c7
22.Nc3d5 Bc6xd5
23.Rd2xd5 Bc7xa5
24.e5 Ba5b6
25.c4 a5
26.Qf2g2 Ra8b8
27.Be3f2 Nd7f8
28.f5 Qe7e8
29.Qg2e4 Bb6c7
30.Be2h5 g6
31.Bh5g4 b5
32.e6 gxf5
33.exf7 Qe8xf7
34.Bg4xf5 { resign }
1-0

[Event "Match"]
[Site "www.echecsemail.com"]
[Date "2019.12.29"]
[Round "1"]
[White "Fereike"]
[Black "Orhany24"]
[WhiteElo "1710"]
[BlackElo "2240"]
[Result "1-0"]
[Round "1"]
1.d4 d5
2.c4 Bc8f5
3.Nb1c3 e6
4.e3 Ng8f6
5.Bf1d3 Bf5xd3
6.Qd1xd3 Bf8e7
7.b3 O-O
8.Bc1b2 c5
9.Ng1f3 Nb8c6
10.a3 b6
11.O-O Ra8c8
12.Rf1d1 Qd8c7
13.Ra1c1 Rf8d8
14.cxd5 exd5
15.Qd3f5 g6
16.Qf5h3 Qc7d7
17.Qh3xd7 Rd8xd7
18.Nf3e5 Nc6xe5
19.dxe5 Nf6e8
20.Nc3xd5 Be7d8
21.Nd5f6 Ne8xf6
22.exf6 Rd7xd1
23.Rc1xd1 Bd8c7
24.f4 Kf8
25.Rd1d7 Ke8
26.Rd7e7 Kf8
27.g3 a5
28.a4 Bc7d6
29.Re7d7 { resign }
1-0

[Event "Match"]
[Site "www.echecsemail.com"]
[Date "2019.12.29"]
[Round "1"]
[White "Joskomol"]
[Black "Bojan"]
[WhiteElo "2020"]
[BlackElo "2030"]
[Result "1-0"]
[Round "1"]
1.e4 e5
2.Ng1f3 d6
3.d4 exd4
4.Nf3xd4 h6
5.Bf1b5 Bc8d7
6.Bb5xd7 Qd8xd7
7.Nb1c3 Nb8c6
8.O-O Nc6xd4
9.Qd1xd4 Ng8e7
10.Bc1d2 Ne7c6
11.Qd4a4 a6
12.Nc3d5 O-O-O
13.c4 Nc6d4
14.Qa4d1 Nd4e6
15.b4  { time }
1-0

[Event "Tourn. n10249"]
[Site "www.echecsemail.com"]
[Date "2019.12.29"]
[Round "1"]
[White "Vasylpuzanov"]
[Black "Aders1"]
[WhiteElo "1710"]
[BlackElo "1799"]
[Result "0-1"]
[Round "1"]
1.e4 g6
2.h4 Ng8f6
3.Nb1c3 d6
4.d4 Bf8g7
5.Bf1e2 c5
6.dxc5 Qd8a5
7.Kf1 Qa5xc5
8.Bc1e3 Qc5a5
9.h5 Nf6xh5
10.Be2xh5 Bg7xc3
11.bxc3 gxh5
12.Rh1xh5 Qa5xc3
13.Ng1e2 Qc3c4
14.Qd1d4 Qc4xd4
15.Ne2xd4 Nb8d7
16.Nd4b5 Kd8
17.Nb5xa7 Nd7f6
18.Rh5a5 Kd7
19.f3 h5
20.Ra1b1 Ke6
21.Be3d4 Rh8g8
22.a4 Rg8h8
23.e5 b6
24.Rb1xb6 Nf6d5
25.Rb6b5 Nd5c7
26.Rb5b6 Nc7d5
27.exd6 Nd5xb6
28.Bd4xh8 exd6
 { time }
0-1

[Event "Tourn. n10244"]
[Site "www.echecsemail.com"]
[Date "2019.12.29"]
[Round "1"]
[White "Francesco"]
[Black "Malbertan"]
[WhiteElo "2000"]
[BlackElo "2080"]
[Result "1/2-1/2"]
[Round "1"]
1.e4 Nb8c6
2.d4 d5
3.exd5 Qd8xd5
4.Ng1f3 Bc8g4
5.c4 Qd5e4
6.Qd1e2 Bg4xf3
7.gxf3 Qe4xe2
8.Bf1xe2 e5
9.dxe5 Nc6xe5
10.b3 Bf8b4
11.Bc1d2 Bb4xd2
12.Nb1xd2 Ng8f6
13.O-O-O O-O-O
14.Nd2e4 Nf6d7
15.f4 Ne5g6
16.f5 Ng6e5
17.f4 Ne5c6
18.Rh1g1 Rh8g8
19.Kc2 Nc6b4
20.Kb2 Nd7b6
21.a3 Nb4c6
22.b4 Rd8xd1
23.Rg1xd1 Rg8d8
24.c5 Rd8xd1
25.Be2xd1 Nb6c4
26.Kb3 Nc4e3
27.Bd1h5 Nc6d8
28.Ne4g3 { draw }
1/2-1/2

[Event "Match"]
[Site "www.echecsemail.com"]
[Date "2019.12.29"]
[Round "1"]
[White "Chapi"]
[Black "Apdash"]
[WhiteElo "2120"]
[BlackElo "2270"]
[Result "0-1"]
[Round "1"]
1.d4 Ng8f6
2.c4 g6
3.Nb1c3 Bf8g7
4.Ng1f3 O-O
5.e4 d6
6.Bf1e2 Nb8d7
7.O-O c6
8.b3 Qd8c7
9.Bc1f4 e5
10.Bf4g3 Rf8e8
11.d5 cxd5
12.Nc3b5 Qc7b6
13.exd5 Nf6e4
14.Bg3h4 a6
15.Be2d3 axb5
16.Bd3xe4 f5
17.Be4c2 e4
18.Nf3g5 Bg7xa1
19.Qd1xa1 Nd7e5
20.Bh4g3 h6
21.Ng5h3 bxc4
22.Qa1c1 Kh7
23.Bg3f4 Ne5f7
{ resign }
0-1

[Event "Tourn. n10242"]
[Site "www.echecsemail.com"]
[Date "2019.12.30"]
[Round "1"]
[White "Gambittiger"]
[Black "Osopanda"]
[WhiteElo "1499"]
[BlackElo "1610"]
[Result "1-0"]
[Round "1"]
1.e4 c5
2.Ng1f3 d6
3.Bf1e2 e6
4.O-O Nb8c6
5.c3 Ng8f6
6.d3 Bf8e7
7.Bc1g5 O-O
8.Nb1d2 Qd8c7
9.d4 cxd4
10.cxd4 e5
11.d5 Nc6b8
12.h3 Nb8d7
13.Ra1c1 Qc7b8
14.b4 a6
15.Qd1b3 b5
16.Rc1c2 Nd7b6
17.Rf1c1 Bc8d7
{ time. }
1-0

[Event "Tourn. n10263"]
[Site "www.echecsemail.com"]
[Date "2019.12.30"]
[Round "1"]
[White "Zsigazsuga"]
[Black "Cal"]
[WhiteElo "1730"]
[BlackElo "1690"]
[Result "0-1"]
[Round "1"]
1.g3 Nb8c6
2.Bf1g2 e5
3.c4 Bf8c5
4.e3 Ng8f6
5.Ng1e2 h6
6.Nb1c3 O-O
7.d4 exd4
 { time }
0-1

[Event "Tourn. n10256"]
[Site "www.echecsemail.com"]
[Date "2019.12.30"]
[Round "1"]
[White "Osopanda"]
[Black "Zsigazsuga"]
[WhiteElo "1660"]
[BlackElo "1680"]
[Result "1-0"]
[Round "1"]
1.d4 e6
2.c4 f5
3.Nb1c3 Ng8f6
4.Ng1f3 Bf8e7
5.g3 O-O
6.Bf1g2 d6
7.O-O Qd8e8
8.Nf3g5 c6
9.e4 h6
10.Ng5h3 fxe4
11.Rf1e1  { time }
1-0

[Event "Tourn. n10257"]
[Site "www.echecsemail.com"]
[Date "2019.12.30"]
[Round "1"]
[White "Picifarkinca"]
[Black "Zsigazsuga"]
[WhiteElo "1850"]
[BlackElo "1680"]
[Result "1-0"]
[Round "1"]
1.e4 c5
2.Ng1f3 Nb8c6
3.d4 cxd4
4.Nf3xd4 e5
5.Nd4b5 d6
6.c4 Ng8f6
7.Bc1g5 Bf8e7
8.Nb1c3 Bc8e6
9.f3 a6
10.Nb5a3 Nf6d7
11.Bg5e3 O-O
12.Nc3d5  { time }
1-0

[Event "Tourn. n10242"]
[Site "www.echecsemail.com"]
[Date "2019.12.30"]
[Round "1"]
[White "Zsigazsuga"]
[Black "Osopanda"]
[WhiteElo "1559"]
[BlackElo "1610"]
[Result "0-1"]
[Round "1"]
1.e4 c5
2.Nb1c3 e6
3.g3 d6
4.Bf1g2 Nb8c6
5.d3 Ng8f6
6.Ng1e2 Bf8e7
7.O-O O-O
8.f4 a6
9.Kh1 Nc6d4
10.h3 Ra8b8
11.e5 dxe5
12.fxe5 Nf6d5
 { time }
0-1

[Event "Tourn. n10212"]
[Site "www.echecsemail.com"]
[Date "2019.12.30"]
[Round "1"]
[White "Reignblowcan"]
[Black "Lenyb"]
[WhiteElo "2640"]
[BlackElo "2590"]
[Result "1-0"]
[Round "1"]
1.Ng1f3 d5
2.d4 Bc8f5
3.c4 e6
4.cxd5 exd5
5.Nb1c3 Ng8f6
6.Qd1b3 Nb8c6
7.Bc1g5 Nc6a5
8.Qb3a4 c6
9.Bg5xf6 gxf6
10.e3 Qd8b6
11.b3 Bf5d7
12.Ra1c1 Qb6d8
13.b4 Na5c4
14.Bf1xc4 dxc4
15.a3 a5
16.b5 cxb5
17.Nc3xb5 Bf8xa3
18.Qa4xa3 Bd7xb5
19.Nf3d2 Qd8e7
20.Qa3b2 Bb5a6
21.Nd2xc4 O-O
22.O-O Qe7b4
23.Qb2xb4 axb4
24.Rf1d1 Ra8c8
25.Nc4b2 Ba6e2
26.Rd1e1 Rc8xc1
27.Re1xc1 Rf8a8
28.f3  { time }
1-0

[Event "Tourn. n10256"]
[Site "www.echecsemail.com"]
[Date "2019.12.30"]
[Round "1"]
[White "Zsigazsuga"]
[Black "Fereike"]
[WhiteElo "1680"]
[BlackElo "1650"]
[Result "0-1"]
[Round "1"]
1.e4 Ng8f6
2.e5 Nf6d5
3.d4 d6
4.c4 Nd5b6
5.exd6 cxd6
6.Nb1c3 g6
7.Ng1f3 Bf8g7
8.Bf1e2 O-O
9.O-O Bc8f5
10.Bc1e3 Nb8d7
11.Nf3h4 e6
12.Nh4xf5 gxf5
 { time }
0-1

[Event "Tourn. n10268"]
[Site "www.echecsemail.com"]
[Date "2019.12.30"]
[Round "1"]
[White "Iko"]
[Black "Coraza"]
[WhiteElo "1790"]
[BlackElo "1740"]
[Result "0-1"]
[Round "1"]
1.e4 e5
2.Ng1f3 Nb8c6
3.Bf1b5 Nc6d4
4.Nf3xd4 exd4
5.Qd1f3 Ng8f6
6.e5 Qd8e7
7.Qf3e2 Nf6d5
8.Qe2c4 Qe7c5
9.O-O c6
10.Bb5a4 Qc5xc4
11.Nb1a3 Qc4xa4
12.c4 dxc3
13.dxc3 Bf8xa3
14.bxa3 Nd5xc3
15.Rf1e1 Qa4a5
16.Re1e3 Nc3d1
17.Re3g3 Qa5e1

0-1

[Event "Tourn. n10228"]
[Site "www.echecsemail.com"]
[Date "2019.12.30"]
[Round "1"]
[White "Numanoid"]
[Black "Said13"]
[WhiteElo "2760"]
[BlackElo "2289"]
[Result "1/2-1/2"]
[Round "1"]
1.e4 c5
2.d3 d6
3.f4 g6
4.Ng1f3 Bf8g7
5.Bf1e2 Nb8c6
6.O-O Ng8f6
7.c3 O-O
8.Kh1 h5
9.Bc1e3 b6
10.Nb1d2 e6
11.Qd1e1 Bc8b7
12.Be2d1 d5
13.e5 Nf6g4
14.Be3g1 Ng4h6
15.h3 d4
16.Bd1c2 Nh6f5
17.g4 Nf5h4
18.Kh2 Nh4xf3
19.Nd2xf3 hxg4
20.hxg4 Bg7h6
21.Qe1g3 Nc6e7
22.cxd4 Kg7
23.g5 Rf8h8
24.Kg2 Qd8d7
25.gxh6 Rh8xh6
26.Ra1e1 Ne7f5
27.Qg3g5 cxd4
28.Bc2d1 Ra8h8
29.Re1e4 Kf8
30.Rf1e1 Rh6h3
31.Qg5f6 Rh8h6
32.Nf3g5 Rh3xd3
33.Bd1a4 Bb7xe4
34.Re1xe4 Rd3g3
35.Kf2 Qd7e7
36.Ba4d1 Rh6h1
37.Qf6xe7 Kxe7
38.Re4e1 Rg3e3
39.Ng5f3 Re3xe1
40.Nf3xe1 Rh1h3
41.Ne1f3 d3
42.Bd1a4 Rh3g3
{ draw }
1/2-1/2

[Event "Tourn. n10252"]
[Site "www.echecsemail.com"]
[Date "2019.12.30"]
[Round "1"]
[White "Cal"]
[Black "Chessdna"]
[WhiteElo "1750"]
[BlackElo "1740"]
[Result "1-0"]
[Round "1"]
1.Nb1c3 e5
2.a3 d5
3.d3 d4
4.Nc3e4 f5
5.Ne4g3 f4
6.Ng3e4 Bc8g4
7.h3 Bg4h5
8.c3 Nb8c6
9.c4 Ng8f6
10.b4 a6
11.Ne4g5 Qd8d7
12.Qd1b3 h6
13.Ng5e4 Nf6xe4
14.dxe4 O-O-O
15.e3 dxe3
16.f3 Bf8e7
17.Ng1e2 Bh5f7
{ time. }
1-0

[Event "Tourn. n10264"]
[Site "www.echecsemail.com"]
[Date "2019.12.30"]
[Round "1"]
[White "Argento"]
[Black "Aiko1603"]
[WhiteElo "2290"]
[BlackElo "2090"]
[Result "1-0"]
[Round "1"]
1.e4 c5
2.Ng1f3 Nb8c6
3.d4 cxd4
4.Nf3xd4 g6
5.c4 Bf8g7
6.Bc1e3 d6
7.Nb1c3 Ng8f6
8.Bf1e2 O-O
9.O-O Nc6xd4
10.Be3xd4 Bc8e6
11.Qd1d2 Qd8a5
12.Rf1d1 a6
13.b4 Qa5c7
14.Ra1c1 Ra8c8
15.Nc3d5 Be6xd5
16.exd5 Qc7d7
17.c5 Nf6e4
18.Qd2e3 Bg7xd4
19.Qe3xd4 Ne4f6
20.Be2f3 dxc5
21.bxc5 Qd7f5
22.Qd4b4 b5
23.cxb6 Rc8xc1
24.Rd1xc1 Nf6xd5
25.Qb4c5 { resign }
1-0